[Event "3rd Memorial Warakomska 2019"]
[Site "Suwalki"]
[Date "2019.08.09"]
[Round "6.45"]
[White "Czarniecka, Aleksandra"]
[Black "Szostko, Jakub"]
[Result "0-1"]
[WhiteElo "2042"]
[BlackElo "2245"]
[Annotator "NA"]
[PlyCount "120"]
[EventDate "2019.08.05"]
[EventType "swiss"]
[EventCountry "POL"]
[SourceTitle "playchess.com"]
[Source "ChessBase"]
[SourceQuality "1"]
[TimeControl "40/5400+30:1800+30"]

1. e4 {[%emt 0:00:00]} e5 {[%emt 0:00:00]} 2. Nf3 {[%emt 0:00:00]} Nc6 {[%emt 0:00:00]} 3. d4 {[%emt 0:00:00]} exd4 {[%emt 0:00:00]} 4. Nxd4 {[%emt 0:00:05]} Bc5 {[%emt 0:00:05]} 5. Be3 {[%emt 0:00:10]} Qf6 {[%emt 0:00:22]} 6. c3 {[%emt 0:00:23]} Nge7 {[%emt 0:00:34]} 7. Bc4 {[%emt 0:00:25]} O-O {[%emt 0:00:37]} 8. O-O {[%emt 0:01:05]} b6 {[%emt 0:00:44]} 9. Qd2 {[%emt 0:01:55]} Qg6 {[%emt 0:02:00]} 10. Nxc6 {[%emt 0:04:56]} Nxc6 {[%emt 0:04:55]} 11. Bxc5 {[%emt 0:03:13]} bxc5 {[%emt 0:00:06]} 12. Qd5 {[%emt 0:12:11]} Rb8 {[%emt 0:05:26]} 13. b3 {[%emt 0:09:25]} Bb7 {[%emt 0:06:51]} 14. Nd2 {[%emt 0:07:07]} d6 {[%emt 0:02:50]} 15. Qd3 {[%emt 0:05:01]} Ne5 {[%emt 0:03:21]} 16. Qe2 {[%emt 0:00:34]} Rbe8 {[%emt 0:08:21]} 17. Rae1 {[%emt 0:05:12]} Kh8 {[%emt 0:03:07]} 18. Ba6 {[%emt 0:08:12]} Ba8 {[%emt 0:02:22]} 19. f4 {[%emt 0:04:51]} Nd7 {[%emt 0:13:21]} 20. Bb5 {[%emt 0:04:46]} Re7 {[%emt 0:01:08]} 21. Bxd7 {[%emt 0:03:15]} Rxd7 {[%emt 0:00:08]} 22. f5 {[%emt 0:05:12]} Qf6 {[%emt 0:01:20]} 23. Rf3 {[%emt 0:01:37]} Re7 {[%emt 0:11:11]} 24. Re3 {[%emt 0:01:41]} Rfe8 {[%emt 0:03:00]} 25. c4 {[%emt 0:05:38]} Re5 {[%emt 0:04:50]} 26. Qg4 g6 {[%emt 0:09:15]} 27. fxg6 {[%emt 0:04:31]} fxg6 {[%emt 0:00:23]} 28. Rf1 {[%emt 0:00:36]} Qg7 {[%emt 0:00:47]} 29. Ref3 {[%emt 0:05:55]} R5e7 {[%emt 0:01:11]} 30. Qh4 {[%emt 0:05:12]} Bxe4 {[%emt 0:05:49]} 31. Nxe4 {[%emt 0:00:36]} Rxe4 {[%emt 0:00:32]} 32. Qxe4 {[%emt 0:00:47]} Rxe4 {[%emt 0:00:12]} 33. Rf8+ {[%emt 0:00:03]} Qg8 {[%emt 0:00:42]} 34. R1f7 {[%emt 0:00:42]} Re1+ {[%emt 0:02:25]} 35. Kf2 {[%emt 0:00:11]} Ra1 {[%emt 0:00:19]} 36. Rxg8+ {[%emt 0:01:40]} Kxg8 {[%emt 0:00:05]} 37. Rxc7 {[%emt 0:00:04]} Rxa2+ {[%emt 0:00:03]} 38. Kg1 {[%emt 0:00:23]} Rb2 {[%emt 0:01:42]} 39. Rxa7 {[%emt 0:00:50]} Rxb3 {[%emt 0:00:04]} 40. Rd7 {[%emt 0:00:00]} Rd3 {[%emt 0:00:00]} 41. Kf2 {[%emt 0:04:06]} Rd4 {[%emt 0:03:18]} 42. h3 {[%emt 0:00:54]} h5 {[%emt 0:02:33]} 43. g3 {[%emt 0:02:00]} g5 {[%emt 0:01:02]} 44. Ke3 {[%emt 0:08:35]} Kf8 {[%emt 0:02:43]} 45. Rh7 {[%emt 0:03:00]} h4 {[%emt 0:00:54]} 46. gxh4 {[%emt 0:01:47]} gxh4 {[%emt 0:00:49]} 47. Rh6 {[%emt 0:00:36]} Ke7 {[%emt 0:00:21]} 48. Rh7+ {[%emt 0:00:11]} Ke6 {[%emt 0:00:16]} 49. Rh6+ {[%emt 0:00:44]} Kd7 {[%emt 0:00:11]} 50. Ke2 {[%emt 0:04:17]} Rxc4 {[%emt 0:00:10]} 51. Kd3 {[%emt 0:00:13]} Rd4+ {[%emt 0:00:34]} 52. Kc3 {[%emt 0:00:14]} Kc6 {[%emt 0:00:21]} 53. Kc2 {[%emt 0:00:19]} c4 {[%emt 0:05:10]} 54. Rh5 {[%emt 0:02:43]} d5 {[%emt 0:01:38]} 55. Rh6+ {[%emt 0:00:04]} Kc5 {[%emt 0:00:11]} 56. Rh8 {[%emt 0:00:16]} Rf4 {[%emt 0:00:51]} 57. Rc8+ {[%emt 0:01:09]} Kd4 {[%emt 0:00:07]} 58. Rh8 {[%emt 0:00:03]} Rf2+ {[%emt 0:00:34]} 59. Kd1 {[%emt 0:04:16]} Kd3 {[%emt 0:00:14]} 60. Ke1 {[%emt 0:00:08]} Re2+ 0-1

[Event "3rd Memorial Warakomska 2019"]
[Site "Suwalki"]
[Date "2019.08.09"]
[Round "6.46"]
[White "Dmochowska, Agnieszka"]
[Black "Szczurek, Krzysztof"]
[Result "1-0"]
[WhiteElo "2126"]
[BlackElo "2104"]
[Annotator "NA"]
[PlyCount "93"]
[EventDate "2019.08.05"]
[EventType "swiss"]
[EventCountry "POL"]
[SourceTitle "playchess.com"]
[Source "ChessBase"]
[SourceQuality "1"]
[TimeControl "40/5400+30:1800+30"]

1. e4 {[%emt 0:01:20]} c5 {[%emt 0:00:00]} 2. Nf3 {[%emt 0:00:06]} d6 {[%emt 0:00:00]} 3. d4 {[%emt 0:00:04]} cxd4 {[%emt 0:00:00]} 4. Nxd4 {[%emt 0:00:03]} Nf6 {[%emt 0:00:00]} 5. Nc3 {[%emt 0:00:05]} a6 {[%emt 0:00:04]} 6. Bg5 {[%emt 0:00:09]} e6 {[%emt 0:00:12]} 7. f4 {[%emt 0:00:05]} h6 {[%emt 0:00:35]} 8. Bh4 {[%emt 0:00:08]} Qb6 {[%emt 0:00:06]} 9. a3 {[%emt 0:00:09]} Be7 {[%emt 0:00:12]} 10. Bf2 {[%emt 0:00:07]} Qc7 {[%emt 0:00:10]} 11. Qf3 {[%emt 0:01:52]} Nc6 {[%emt 0:00:59]} 12. O-O-O {[%emt 0:00:17]} Nxd4 {[%emt 0:02:42]} 13. Bxd4 {[%emt 0:01:02]} Qc6 {[%emt 0:07:33]} 14. Re1 {[%emt 0:07:45]} b5 {[%emt 0:05:38]} 15. g4 {[%emt 0:03:19]} Bb7 {[%emt 0:00:58]} 16. Bd3 {[%emt 0:05:50]} O-O-O {[%emt 0:07:06]} 17. Kb1 {[%emt 0:16:43]} Kb8 {[%emt 0:02:41]} 18. g5 {[%emt 0:09:31]} Ne8 {[%emt 0:00:22]} 19. h4 {[%emt 0:00:57]} Ka8 {[%emt 0:03:28]} 20. Qe2 {[%emt 0:06:53]} f6 {[%emt 0:04:38]} 21. gxh6 {[%emt 0:13:07]} Rxh6 {[%emt 0:04:18]} 22. f5 {[%emt 0:02:51]} Nc7 {[%emt 0:02:02]} 23. Be3 {[%emt 0:00:46]} Rh7 {[%emt 0:00:45]} 24. fxe6 {[%emt 0:00:19]} Rdh8 {[%emt 0:00:53]} 25. Nd5 {[%emt 0:02:44]} g6 {[%emt 0:02:17]} 26. Nb4 {[%emt 0:03:57]} Qe8 {[%emt 0:00:12]} 27. Bf2 {[%emt 0:03:34]} Nxe6 {[%emt 0:02:46]} 28. c4 {[%emt 0:00:30]} Qb8 {[%emt 0:03:30]} 29. cxb5 {[%emt 0:01:01]} Nf4 {[%emt 0:00:05]} 30. Qd2 {[%emt 0:01:04]} Nxd3 {[%emt 0:00:18]} 31. Nxd3 {[%emt 0:01:26]} f5 {[%emt 0:01:18]} 32. Nb4 {[%emt 0:10:55]} Bxe4+ {[%emt 0:09:19]} 33. Rxe4 {[%emt 0:00:07]} fxe4 {[%emt 0:00:04]} 34. bxa6 {[%emt 0:00:24]} Qb5 {[%emt 0:00:58]} 35. Qd4 {[%emt 0:00:58]} e3 {[%emt 0:03:51]} 36. Qe4+ {[%emt 0:03:21]} Kb8 {[%emt 0:01:31]} 37. a7+ {[%emt 0:01:29]} Kxa7 {[%emt 0:01:29]} 38. Qxe3+ {[%emt 0:01:44]} Kb8 {[%emt 0:01:18]} 39. Qa7+ {[%emt 0:01:38]} Kc8 {[%emt 0:00:10]} 40. Bb6 {[%emt 0:00:00]} Bg5 {[%emt 0:00:00]} 41. Qa8+ {[%emt 0:01:47]} Kd7 {[%emt 0:03:14]} 42. Qb7+ {[%emt 0:00:11]} Ke6 {[%emt 0:00:46]} 43. Re1+ {[%emt 0:00:39]} Kf5 {[%emt 0:00:24]} 44. Qe4+ {[%emt 0:02:19]} Kf6 {[%emt 0:00:05]} 45. hxg5+ {[%emt 0:03:28]} Kxg5 {[%emt 0:00:26]} 46. Rg1+ {[%emt 0:00:32]} Kh6 {[%emt 0:00:12]} 47. Qxg6# {[%emt 0:00:06]} 1-0

[Event "3rd Memorial Warakomska 2019"]
[Site "Suwalki"]
[Date "2019.08.09"]
[Round "6.47"]
[White "Leskiewicz, Ignacy"]
[Black "Bommini Mounika Akshaya"]
[Result "1-0"]
[WhiteElo "2120"]
[BlackElo "2063"]
[Annotator "NA"]
[PlyCount "89"]
[EventDate "2019.08.05"]
[EventType "swiss"]
[EventCountry "POL"]
[SourceTitle "playchess.com"]
[Source "ChessBase"]
[SourceQuality "1"]
[TimeControl "40/5400+30:1800+30"]

1. e4 {[%emt 0:00:00]} e5 {[%emt 0:00:00]} 2. Nf3 {[%emt 0:00:00]} Nc6 {[%emt 0:00:00]} 3. Bb5 {[%emt 0:00:00]} a6 {[%emt 0:00:00]} 4. Ba4 {[%emt 0:00:00]} Nf6 {[%emt 0:00:00]} 5. O-O {[%emt 0:00:00]} Be7 {[%emt 0:00:00]} 6. Re1 {[%emt 0:00:37]} b5 {[%emt 0:00:05]} 7. Bb3 {[%emt 0:00:06]} d6 {[%emt 0:00:03]} 8. c3 {[%emt 0:01:41]} O-O {[%emt 0:00:07]} 9. h3 {[%emt 0:03:32]} Nb8 {[%emt 0:00:06]} 10. d4 {[%emt 0:08:31]} Nbd7 {[%emt 0:00:06]} 11. Nbd2 {[%emt 0:03:06]} Bb7 {[%emt 0:00:06]} 12. Bc2 {[%emt 0:03:39]} Re8 {[%emt 0:00:13]} 13. b3 {[%emt 0:08:32]} Bf8 {[%emt 0:06:56]} 14. Bb2 {[%emt 0:02:24]} c6 {[%emt 0:01:23]} 15. a4 {[%emt 0:17:26]} g6 {[%emt 0:04:28]} 16. dxe5 {[%emt 0:11:14]} dxe5 {[%emt 0:01:12]} 17. Qe2 {[%emt 0:03:55]} Nh5 {[%emt 0:02:19]} 18. g3 {[%emt 0:01:31]} Qc7 {[%emt 0:04:01]} 19. Red1 {[%emt 0:03:56]} Nc5 {[%emt 0:08:10]} 20. axb5 {[%emt 0:09:21]} cxb5 {[%emt 0:05:44]} 21. b4 Ne6 22. Bb3 {[%emt 0:04:31]} Bc8 {[%emt 0:23:52]} 23. Kh2 {[%emt 0:04:14]} f6 {[%emt 0:06:57]} 24. Nf1 {[%emt 0:02:00]} Kh8 {[%emt 0:04:03]} 25. Ne3 {[%emt 0:00:57]} Qg7 {[%emt 0:01:18]} 26. Nd5 {[%emt 0:03:29]} Rb8 {[%emt 0:00:50]} 27. c4 {[%emt 0:01:16]} Nc7 {[%emt 0:06:45]} 28. Nxc7 {[%emt 0:01:26]} Qxc7 {[%emt 0:00:06]} 29. c5 {[%emt 0:00:40]} Qg7 {[%emt 0:01:58]} 30. Rd3 {[%emt 0:02:39]} Qh6 {[%emt 0:02:00]} 31. Qf1 {[%emt 0:01:08]} g5 {[%emt 0:05:48]} 32. Rad1 {[%emt 0:01:14]} Ng7 {[%emt 0:02:51]} 33. Bc1 {[%emt 0:00:33]} Qh5 {[%emt 0:01:05]} 34. Ng1 {[%emt 0:02:29]} Ne6 {[%emt 0:03:42]} 35. Qe2 {[%emt 0:00:35]} Qh6 {[%emt 0:01:28]} 36. Be3 {[%emt 0:00:24]} a5 {[%emt 0:01:09]} 37. c6 {[%emt 0:00:44]} Bxb4 {[%emt 0:01:43]} 38. Bxe6 {[%emt 0:00:32]} Bxe6 {[%emt 0:00:13]} 39. c7 {[%emt 0:00:00]} Rbc8 {[%emt 0:02:06]} 40. Rd8 {[%emt 0:00:00]} Qf8 {[%emt 0:00:00]} 41. Bb6 {[%emt 0:08:30]} Bc4 {[%emt 0:10:49]} 42. Rxc8 {[%emt 0:00:18]} Rxc8 43. Qg4 Be7 {[%emt 0:08:03]} 44. Qxc8 {[%emt 0:02:28]} Qxc8 {[%emt 0:01:45]} 45. Rd8+ {[%emt 0:00:36]} 1-0

[Event "3rd Memorial Warakomska 2019"]
[Site "Suwalki"]
[Date "2019.08.10"]
[Round "7.1"]
[White "Harsha Bharathakoti"]
[Black "Markowski, Tomasz"]
[Result "1-0"]
[WhiteElo "2486"]
[BlackElo "2537"]
[Annotator "ChessBase"]
[PlyCount "63"]
[EventDate "2019.08.05"]
[EventType "swiss"]
[EventCountry "POL"]
[SourceTitle "playchess.com"]
[Source "ChessBase"]
[SourceQuality "1"]
[TimeControl "40/5400+30:1800+30"]

1. d4 {[%emt 0:00:41]} Nf6 {[%emt 0:00:00]} 2. c4 {[%emt 0:00:07]} e6 {[%emt 0:00:00]} 3. Nf3 {[%emt 0:00:05]} b6 {[%emt 0:00:00]} 4. a3 {[%emt 0:00:39]} Bb7 {[%emt 0:00:00]} 5. Nc3 {[%emt 0:00:08]} Ne4 {[%emt 0:00:01]} 6. Nxe4 {[%emt 0:01:57]} Bxe4 {[%emt 0:00:06]} 7. e3 {[%emt 0:10:17]} c5 {[%emt 0:00:21]} 8. Bd3 {[%emt 0:03:35]} Bb7 {[%emt 0:00:11]} 9. O-O {[%emt 0:01:18]} Be7 {[%emt 0:00:12]} 10. b3 {[%emt 0:04:25]} d6 {[%emt 0:01:33]} 11. Bb2 {[%emt 0:01:52]} Nd7 {[%emt 0:00:32]} 12. Qe2 {[%emt 0:06:05]} O-O {[%emt 0:02:35]} 13. e4 {[%emt 0:02:53]} cxd4 {[%emt 0:00:43]} 14. Nxd4 {[%emt 0:00:16]} a6 {[%emt 0:03:57]} 15. f4 {[%emt 0:09:46]} Bf6 {[%emt 0:02:39]} 16. Rad1 {[%emt 0:03:40]} Qc7 {[%emt 0:02:54]} 17. b4 {[%emt 0:04:43]} Rac8 {[%emt 0:02:34]} 18. Qh5 {[%emt 0:02:20]} h6 {[%emt 0:19:57]} 19. Rf3 {[%emt 0:15:25]} b5 {[%emt 0:07:11]} 20. Rg3 {[%emt 0:00:47]} Kh8 {[%emt 0:00:26]} 21. c5 {[%emt 0:14:30]} Nxc5 {[%emt 0:33:23]} 22. Nxb5 {[%emt 0:09:16]} Qd8 {[%emt 0:04:48]} 23. Nxd6 {[%emt 0:03:54]} Bxb2 {[%emt 0:00:56]} 24. bxc5 {[%emt 0:00:04]} Qc7 {[%emt 0:04:32]} 25. Nxc8 {[%emt 0:00:46]} Rxc8 {[%emt 0:00:11]} 26. Qe2 {[%emt 0:01:30]} Qxc5+ {[%emt 0:03:21]} 27. Kh1 {[%emt 0:00:08]} Qxa3 {[%emt 0:00:23]} 28. Bc4 {[%emt 0:02:12]} Bc3 {[%emt 0:04:17]} 29. Rb1 {[%emt 0:00:08]} Ba8 {[%emt 0:05:40]} 30. Qd3 {[%emt 0:00:59]} Bb2 {[%emt 0:00:52]} 31. Qxa3 {[%emt 0:00:32]} Bxa3 {[%emt 0:00:01]} 32. Bxa6 {[%emt 0:00:18]} 1-0

[Event "3rd Memorial Warakomska 2019"]
[Site "Suwalki"]
[Date "2019.08.10"]
[Round "7.2"]
[White "Karthik Venkataraman"]
[Black "Tomczak, Jacek"]
[Result "0-1"]
[WhiteElo "2480"]
[BlackElo "2623"]
[Annotator "TA"]
[PlyCount "132"]
[EventDate "2019.08.05"]
[EventType "swiss"]
[EventCountry "POL"]
[SourceTitle "playchess.com"]
[Source "ChessBase"]
[SourceQuality "1"]

{[%evp 10,132,31,28,27,27,27,19,12,15,22,34,25,23,14,0,-3,-10,-14,-12,0,-25,-19,-23,-15,-58,-59,-54,-59,-59,-59,-57,-54,-76,-71,-89,-73,-89,-75,-81,-78,-79,-98,-193,-190,-166,-169,-252,-183,-298,-158,-160,-166,-158,-160,-234,-234,-234,-234,-234,-219,-218,0,-219,-201,-182,-155,-156,-37,-570,-551,-466,-517,-478,-478,-463,-463,-463,-463,-463,-463,-925,-958,-910,-879,-1070,-1034,-952,-525,-29960,-29960,-29958,-29960,-29958,-29951,-12732,-5277,-5277,-4631,-2291,-1965,-29964,-29965,-29966,-29968,-29968,-29969,-29977,-29968,-29976,-29968,-29975,-29967,-29971,-29972,-29972,0,-29970,0,-29972,-29973,-29969,-29973,-29968,-5110]} 1. d4 Nf6 2. c4 e6 3. Nf3 Bb4+ 4. Bd2 Qe7 5. g3 Bxd2+ 6. Qxd2 Nc6 {E11: Bogo-Indian} 7. Nc3 d5 8. Ne5 dxc4 {The position is equal.} 9. Bg2 Nxe5 10. dxe5 Nd7 11. Qd4 a6 12. O-O $146 (12. Rd1 {is interesting.} O-O 13. f4 Qb4 14. b3 Nb6 15. Kf2) ({Predecessor:} 12. Rd1 Qc5 13. Qxc5 Nxc5 14. Rd4 {½-½ (37) Nihal,S (2551)-Ikonnikov,V (2536) Leiden 2018}) 12... Qc5 13. Qxc5 Nxc5 14. Rfc1 Rb8 15. Ne4 Nxe4 16. Bxe4 b5 {[%cal Bb7b5,Bb5b4][%mdl 32]} 17. b3 Bb7 $36 {[%mdl 2048] Black is more active.} 18. Bxb7 Rxb7 19. bxc4 $15 {[%mdl 4096] Endgame KRR-KRR} b4 20. Rd1 Ke7 21. Rd3 a5 {[%cal Ba6a5,Ba5a4][%mdl 32]} 22. Kf1 a4 23. Ke1 Rd8 24. Rad1 Rxd3 25. exd3 $17 {KR-KR} b3 26. a3 (26. axb3 $17 Rxb3 27. Ra1) 26... c5 $19 27. Kd2 g5 28. Kc3 (28. f4 {was called for.}) 28... Rb8 29. Rd2 (29. Kb2 $142) 29... Rf8 (29... g4 $1 $19 30. Rb2 h5) 30. d4 $17 cxd4+ 31. Rxd4 Rb8 {Strongly threatening ...b2.} 32. Rd2 (32. Rd1 $17 {might work better.}) 32... g4 $1 $19 33. Rd1 h5 34. Rd2 Rb7 35. Rd1 Rb8 36. Rd2 $1 Ke8 37. Rd1 Rd8 38. Rf1 {[#]} Ke7 ({Black should play} 38... Kd7 $1 $17 39. f3 Kc6 40. fxg4 hxg4 41. Rxf7 Rd1) 39. Rb1 $2 {[%mdl 8192] [#]} ({White has to play} 39. f3 $1 $15) 39... Kd7 $1 {[%cal Rd7c6]} 40. Rf1 Kc6 41. f3 Rb8 {White must now prevent ...b2.} 42. Kb2 Kc5 43. fxg4 hxg4 44. Rxf7 Rh8 45. Rf2 (45. Rc7+ $142 Kd4 46. Rd7+ Kxc4 47. Rd2) 45... Rh5 46. Re2 Rf5 47. Kc3 Rf3+ 48. Kb2 Rf1 49. h3 gxh3 50. Rh2 Kxc4 51. Rxh3 Rf2+ 52. Kb1 Rg2 (52... Ra2 $142 53. Rh4+ Kc3) 53. Rh8 Rxg3 54. Rc8+ Kd4 55. Ra8 Re3 56. Kb2 Re2+ 57. Kb1 Rxe5 58. Rd8+ Kc4 59. Rc8+ Kd3 60. Ra8 Re4 61. Rd8+ Kc3 62. Rc8+ Kd3 63. Rd8+ Kc3 64. Rc8+ $1 Rc4 {Black mates.} 65. Re8 Rc6 66. Re7 Ra6 {Accuracy: White = 49%, Black = 70%.} (66... Kd4 $142 67. Rd7+ Ke4 68. Rd1 Rc4 69. Re1+ Kd5 70. Rd1+ Rd4 71. Re1 e5 72. Kb2 Rd3 73. Rh1 e4 74. Rh5+ Kd4 75. Rh2 Rd1 76. Rh8 Rd2+ 77. Kc1 e3 78. Rd8+ Kc3 79. Rc8+ Kd3 80. Rd8+ Ke2 81. Ra8 b2+ 82. Kb1 Kd1 83. Re8 e2 84. Re7 e1=Q 85. Rxe1+ Kxe1 86. Ka2 Rd3 87. Kxb2 Kd2 88. Ka1 Kc2 89. Ka2 Rb3 90. Ka1 Rxa3#) 0-1

[Event "3rd Memorial Warakomska 2019"]
[Site "Suwalki"]
[Date "2019.08.10"]
[Round "7.3"]
[White "Nasuta, Grzegorz"]
[Black "Malakhatko, Vadim"]
[Result "0-1"]
[WhiteElo "2529"]
[BlackElo "2462"]
[Annotator "ChessBase"]
[PlyCount "65"]
[EventDate "2019.08.05"]
[EventType "swiss"]
[EventCountry "POL"]
[SourceTitle "playchess.com"]
[Source "ChessBase"]
[SourceQuality "1"]
[TimeControl "40/5400+30:1800+30"]

1. e4 {[%emt 0:00:00]} e5 {[%emt 0:00:40]} 2. Nf3 {[%emt 0:00:15]} Nf6 {[%emt 0:00:07]} 3. Nxe5 {[%emt 0:02:19]} d6 {[%emt 0:00:07]} 4. Nf3 {[%emt 0:00:05]} Nxe4 {[%emt 0:00:06]} 5. Nc3 {[%emt 0:00:06]} Nf6 {[%emt 0:00:10]} 6. d4 {[%emt 0:01:44]} Be7 {[%emt 0:03:24]} 7. Bd3 {[%emt 0:07:17]} O-O {[%emt 0:04:06]} 8. Be3 {[%emt 0:06:38]} Nbd7 {[%emt 0:04:14]} 9. Qe2 {[%emt 0:07:01]} a6 {[%emt 0:07:41]} 10. O-O-O {[%emt 0:23:26]} b5 {[%emt 0:00:08]} 11. Ng5 {[%emt 0:01:33]} Bb7 {[%emt 0:05:51]} 12. h4 {[%emt 0:00:06]} Re8 {[%emt 0:20:27]} 13. Nce4 {[%emt 0:08:51]} Bf8 {[%emt 0:11:33]} 14. Qf3 {[%emt 0:07:15]} Bd5 {[%emt 0:23:11]} 15. Nxf6+ {[%emt 0:17:22]} Nxf6 {[%emt 0:00:07]} 16. Bxh7+ {[%emt 0:01:08]} Kh8 {[%emt 0:03:51]} 17. Qe2 {[%emt 0:00:04]} Qd7 {[%emt 0:06:46]} 18. Qd3 {[%emt 0:04:19]} Bxg2 {[%emt 0:02:26]} 19. Bf5 {[%emt 0:00:33]} Qe7 {[%emt 0:00:03]} 20. Rhe1 {[%emt 0:04:36]} Bd5 {[%emt 0:00:07]} 21. Bd2 {[%emt 0:00:50]} Qd8 {[%emt 0:00:06]} 22. b3 {[%emt 0:00:20]} g6 {[%emt 0:02:25]} 23. Bh3 {[%emt 0:01:56]} Kg8 {[%emt 0:00:36]} 24. f4 {[%emt 0:00:41]} Rxe1 {[%emt 0:01:38]} 25. Rxe1 {[%emt 0:00:05]} c5 {[%emt 0:00:30]} 26. f5 {[%emt 0:01:53]} c4 {[%emt 0:00:26]} 27. Qf1 {[%emt 0:00:27]} gxf5 {[%emt 0:01:12]} 28. Qxf5 {[%emt 0:01:12]} Bg7 {[%emt 0:00:05]} 29. Rg1 {[%emt 0:00:03]} Qe7 {[%emt 0:01:31]} 30. Nh7 {[%emt 0:00:45]} Nxh7 {[%emt 0:00:39]} 31. Qxd5 {[%emt 0:01:52]} Re8 {[%emt 0:00:36]} 32. Bh6 {[%emt 0:00:33]} c3 {[%emt 0:00:26]} 33. Qh5 0-1

[Event "3rd Memorial Warakomska 2019"]
[Site "Suwalki"]
[Date "2019.08.10"]
[Round "7.5"]
[White "Sadzikowski, Daniel"]
[Black "Hnydiuk, Aleksander"]
[Result "1/2-1/2"]
[WhiteElo "2503"]
[BlackElo "2412"]
[Annotator "ChessBase"]
[PlyCount "95"]
[EventDate "2019.08.05"]
[EventType "swiss"]
[EventCountry "POL"]
[SourceTitle "playchess.com"]
[Source "ChessBase"]
[SourceQuality "1"]
[TimeControl "40/5400+30:1800+30"]

1. e4 {[%emt 0:00:00]} Nf6 {[%emt 0:05:23]} 2. e5 {[%emt 0:00:00]} Nd5 {[%emt 0:00:02]} 3. d4 {[%emt 0:00:00]} d6 {[%emt 0:00:04]} 4. Nf3 {[%emt 0:00:10]} dxe5 {[%emt 0:00:05]} 5. Nxe5 {[%emt 0:00:09]} c6 {[%emt 0:00:03]} 6. a3 {[%emt 0:03:34]} Nd7 {[%emt 0:04:05]} 7. c4 {[%emt 0:06:47]} N5b6 {[%emt 0:05:07]} 8. Nf3 {[%emt 0:08:52]} Nf6 {[%emt 0:01:47]} 9. h3 {[%emt 0:02:37]} Bf5 {[%emt 0:02:24]} 10. Be2 {[%emt 0:00:35]} e6 {[%emt 0:01:35]} 11. O-O {[%emt 0:00:30]} Be7 {[%emt 0:13:14]} 12. Bf4 {[%emt 0:10:55]} O-O {[%emt 0:01:21]} 13. Re1 {[%emt 0:01:42]} c5 {[%emt 0:06:55]} 14. Bf1 {[%emt 0:13:07]} Rc8 {[%emt 0:01:51]} 15. Nc3 {[%emt 0:02:43]} Bg6 {[%emt 0:12:19]} 16. dxc5 {[%emt 0:06:09]} Qxd1 {[%emt 0:05:37]} 17. Raxd1 {[%emt 0:00:32]} Bxc5 {[%emt 0:00:47]} 18. b4 {[%emt 0:06:45]} Be7 {[%emt 0:00:05]} 19. c5 {[%emt 0:01:29]} Nbd7 {[%emt 0:02:50]} 20. Nb5 {[%emt 0:01:48]} a6 {[%emt 0:00:30]} 21. Nd6 {[%emt 0:01:54]} Bxd6 {[%emt 0:00:13]} 22. Rxd6 {[%emt 0:02:02]} Nb8 {[%emt 0:06:25]} 23. Ne5 {[%emt 0:01:59]} Rfd8 {[%emt 0:03:49]} 24. Nxg6 {[%emt 0:04:22]} hxg6 {[%emt 0:00:07]} 25. Red1 {[%emt 0:00:38]} Nd5 {[%emt 0:02:08]} 26. Bc4 {[%emt 0:02:09]} Rxd6 {[%emt 0:07:05]} 27. Bxd6 {[%emt 0:00:03]} Nc6 {[%emt 0:01:53]} 28. Bxd5 {[%emt 0:00:51]} exd5 {[%emt 0:00:05]} 29. Rxd5 {[%emt 0:00:08]} Rd8 {[%emt 0:01:08]} 30. Kf1 {[%emt 0:02:18]} Na7 {[%emt 0:09:37]} 31. Ke2 {[%emt 0:14:07]} Nb5 {[%emt 0:00:04]} 32. Rd3 {[%emt 0:00:03]} f6 {[%emt 0:00:10]} 33. a4 {[%emt 0:01:11]} Nxd6 {[%emt 0:00:12]} 34. cxd6 {[%emt 0:00:22]} Kf7 {[%emt 0:02:16]} 35. Kf3 {[%emt 0:01:16]} Rd7 {[%emt 0:00:40]} 36. Ke4 {[%emt 0:01:49]} Ke6 {[%emt 0:00:42]} 37. Rg3 {[%emt 0:02:49]} g5 {[%emt 0:01:08]} 38. Rd3 {[%emt 0:00:06]} g6 {[%emt 0:03:09]} 39. f4 {[%emt 0:00:40]} gxf4 {[%emt 0:01:44]} 40. Kxf4 {[%emt 0:00:00]} Rxd6 {[%emt 0:00:00]} 41. Rxd6+ Kxd6 42. h4 {[%emt 0:02:09]} Ke6 {[%emt 0:07:42]} 43. a5 {[%emt 0:08:54]} Ke7 {[%emt 0:01:42]} 44. g4 {[%emt 0:06:54]} Kf7 {[%emt 0:06:11]} 45. Ke4 {[%emt 0:00:31]} Ke6 {[%emt 0:00:06]} 46. h5 {[%emt 0:01:06]} Kf7 {[%emt 0:01:30]} 47. Kd5 {[%emt 0:00:44]} Kg7 {[%emt 0:04:54]} 48. Ke6 {[%emt 0:01:53]} 1/2-1/2

[Event "3rd Memorial Warakomska 2019"]
[Site "Suwalki"]
[Date "2019.08.10"]
[Round "7.6"]
[White "Tihonov, Jurij"]
[Black "Zakhartsov, Vladimir"]
[Result "0-1"]
[WhiteElo "2393"]
[BlackElo "2493"]
[Annotator "ChessBase"]
[PlyCount "80"]
[EventDate "2019.08.05"]
[EventType "swiss"]
[EventCountry "POL"]
[SourceTitle "playchess.com"]
[Source "ChessBase"]
[SourceQuality "1"]
[TimeControl "40/5400+30:1800+30"]

1. Nf3 {[%emt 0:00:00]} d5 2. d4 {[%emt 0:02:36]} Nf6 {[%emt 0:02:09]} 3. c4 {[%emt 0:00:05]} e6 {[%emt 0:01:30]} 4. Nc3 {[%emt 0:00:13]} Be7 {[%emt 0:01:26]} 5. Bg5 {[%emt 0:06:38]} Nbd7 {[%emt 0:02:18]} 6. e3 {[%emt 0:04:47]} c6 {[%emt 0:01:34]} 7. Rc1 {[%emt 0:02:59]} O-O {[%emt 0:01:41]} 8. Qc2 {[%emt 0:00:15]} h6 {[%emt 0:02:59]} 9. Bh4 {[%emt 0:00:12]} a6 {[%emt 0:01:53]} 10. a3 {[%emt 0:07:05]} Re8 {[%emt 0:07:22]} 11. Bd3 {[%emt 0:06:32]} dxc4 {[%emt 0:00:35]} 12. Bxc4 {[%emt 0:00:05]} b5 {[%emt 0:00:10]} 13. Ba2 {[%emt 0:20:46]} Bb7 {[%emt 0:02:06]} 14. b4 {[%emt 0:14:17]} a5 {[%emt 0:00:33]} 15. Qb2 {[%emt 0:01:23]} Nd5 {[%emt 0:06:38]} 16. Bxe7 {[%emt 0:03:03]} Qxe7 {[%emt 0:00:03]} 17. Bxd5 {[%emt 0:01:38]} exd5 {[%emt 0:00:11]} 18. O-O {[%emt 0:02:14]} Nb6 {[%emt 0:00:31]} 19. Nd2 {[%emt 0:00:50]} Bc8 {[%emt 0:05:42]} 20. e4 {[%emt 0:03:04]} Be6 {[%emt 0:02:06]} 21. e5 {[%emt 0:04:35]} Reb8 {[%emt 0:02:07]} 22. Na2 {[%emt 0:00:42]} Nc4 {[%emt 0:00:56]} 23. Nxc4 {[%emt 0:00:05]} bxc4 {[%emt 0:00:26]} 24. Qc3 {[%emt 0:01:09]} Bf5 {[%emt 0:04:00]} 25. Qe3 {[%emt 0:01:22]} Qg5 {[%emt 0:02:27]} 26. f4 {[%emt 0:03:13]} Qg6 {[%emt 0:00:31]} 27. Rf3 {[%emt 0:02:49]} Bd3 {[%emt 0:00:33]} 28. Qf2 {[%emt 0:02:35]} Qf5 {[%emt 0:02:32]} 29. bxa5 {[%emt 0:00:29]} Rxa5 {[%emt 0:00:34]} 30. Nb4 {[%emt 0:00:06]} Rxa3 {[%emt 0:01:00]} 31. Nxc6 {[%emt 0:00:04]} Rb7 {[%emt 0:00:52]} 32. e6 {[%emt 0:02:41]} fxe6 {[%emt 0:02:05]} 33. Ne5 {[%emt 0:00:32]} Rab3 {[%emt 0:01:31]} 34. h3 {[%emt 0:01:04]} Be4 {[%emt 0:05:50]} 35. Rg3 {[%emt 0:03:25]} Rb2 {[%emt 0:01:50]} 36. Qf1 {[%emt 0:00:16]} R7b3 {[%emt 0:05:43]} 37. Rxb3 {[%emt 0:01:17]} cxb3 {[%emt 0:01:11]} 38. Rc8+ {[%emt 0:00:54]} Kh7 {[%emt 0:00:05]} 39. Nd7 {[%emt 0:00:21]} Rb1 {[%emt 0:01:33]} 40. Rc1 {[%emt 0:00:00]} Bxg2 {[%emt 0:00:00]} 0-1